1819 1865 1827 1172 1736 1428 1723 1299 1933 1174 1736 1758 1637 1696 1722 1610 1599 1181 1153 1095 1670 1953 1746 1634 1144 1598 1313 1935 1757 1204 1382 1017 1288 1407 1554 1331 1027 1616 1535 1451 1059 1560 1404 1321 1124 1640 1340 1488 1858 1070 1399 1635 1686 1200 1501 1901 1700 1932 1955 1266 1779 1585 1563 1747 1969 1832 1220 1794 1718 1126 1645 1780 1488 1449 1965 1521 1621 1862 1179 1605 1427 1515 1904 1553 1303 1841 1707 1293 1331 1637 1458 1038 1264 1263 1509 1591 1304 1583 1416 BCNSPRNW ULIB Ver.6.0+V

เปลี่ยนเป็นภาษาไทย

Change to English
 แสดงรายละเอียดบรรณานุกรม
  กลับหน้าหลัก

Brief Record : Get Marc (ISO 2709) : E-mail record : QR code < ปิดหน้าต่าง
LEADER : 00000nam 2200000uu 4500
001    13399112901
003     ULIB
008    110916s2552||||th 000 0 tha d
020    9786160600717
090    นว.^bม730ป 2552
100 0  เมเปิ้ลสีขาว
245 00 ปรุงรักให้ครบรส/^cเมเปิ้ลสีขาว
250    พิมพ์ครั้งที่ 2
260    กรุงเทพฯ :^bแจ่มใส,^c2552
300    280 หน้า
945    ^p179^l0^i16297
995    กัณชพร
999    ^aใช้งานได้ทุกระบบ
รายการนี้ยังไม่มีแท็ก
คุณยังไม่ได้ล็อกอิน คุณสามารถมีกิจกรรมร่วมกับเว็บไซต์ได้ แต่ต้องล็อกอินก่อน ::
  ล็อกอิน

รายการสื่อสารสนเทศ

ลำดับที่ ประเภท เลขเรียก/บาร์โค้ด สถานที่ สถานะ
1. นวนิยาย
นวนิยาย
นว. ม730ป 2552  
  Barcode: 16297
ห้องสมุดวิทยาเขตนครสวรรค์
►นวนิยาย:l:Fiction
บนชั้น

รายการใกล้เคียง
    ผู้แต่ง [เมเปิ้ลสีขาว]

BibComment


ยังไม่เคยถูกคอมเมนท์

คอมเมนท์ทรัพยากรรายการนี้
  คอมเมนท์: ปรุงรักให้ครบรส เ..


 Copyright 2026. Bcnsprnw @Library